000 00298nam a2200133Ia 4500
008 191201s2010 xx 000 0 und d
100 _aLipschutz, Seymour
245 0 _aData structures
250 _aRep
260 _c2010
_bTMH
_aN. delhi
300 _aMISC
650 _aMCA
942 _2ddc
_cBB
_093
999 _c7408
_d7408